000 00624nam a22002297a 4500
005 20260428162139.0
008 260428s2025 |||||||| |||| 001 0 eng d
020 _a9789694488615
040 _cPK-LaUMT
082 _a297
_bKHU-I
100 0 _aKhurshid Ahmad
_95860
245 1 0 _aIslam in practice /
_cKhurshid Ahmad
260 _aIslamabad :
_bIPS Press,
_c2025
300 _axii, 248 p.
490 _aIslamic paradigm of life ;
_vvol 3
500 _aIndex present
546 _aEng
650 _aIslam-practice
_911389
650 _aIslamic practice
_911390
650 _aIslamic way of life
_911391
942 _cBK
999 _c140658
_d140658